000 00231nam a2200097Ia 4500
008 220204s9999 xx 000 0 und d
082 _a159.9
_bSHE
100 _aSherman, Harold
245 0 _aHow to make ESP work for you
942 _cBK
999 _c33489
_d33489